Latin - Leçon 3 (reverse) - Statistiques

Statistiques générales
  • Ce quiz a été pris 3 fois
  • Le résultat moyen est 18 sur 82
Statistiques - réponses
Hint Réponse % Correct
malus, a, um mauvais
100%
sic ainsi
67%
pulcher, chra, chrum beau
67%
multum beaucoup
67%
bonus, a, um bon
67%
deus, dei m. dieu
67%
dico, is, ere, dixi, dictum dire
67%
puer, eri, m. enfant
67%
magnus, a, um grand
67%
pesimus le pire
67%
maximus, a, um le plus grand
67%
lego, is, ire, legi, lectum lire
67%
Romanus, a, um romain
67%
Roma, ae f. Rome
67%
Romulus, i m. Romulus
67%
templum, i n. temple
67%
terra, ae f. Terre
67%
semper toujours
67%
uita, ae f. vie
67%
itaque c'est pourquoi
33%
diuinus, a, um divin
33%
fluuius, ii m. fleuve
33%
fossa, ae f. fossé
33%
iugum, i n. joug
33%
optimus le meilleur
33%
minimus, a, um le plus petit
33%
dominus, i m. maitre (de maison)
33%
miser, era, erum malheureux
33%
necessarius, a, um (ad + acc) necessaire (à)
33%
non solum... sed etiam... non seulement... mais encore...
33%
quia ; quod parce que
33%
parvus, a, um petit
33%
accipio, is, ere, cepi, ceptum recevoir
33%
ripa, ae f. rive
33%
per ( +acc) 1. A traverser2. Pendant 3. Par
0%
ingenium, ii n. 1. Caractère, naturel2. Intelligence, talent
0%
commodus, a, um 1. convenable, avantageux2. accommodant
0%
praesidium, ii n. 1. Protection2. Position, défence, garnison
0%
annus, i m. années
0%
commodum, i n. avantage, commodité
0%
multi, ae, a beaucoup de
0%
ager, agri, m. champs
0%
deligo, is, ere, legi, lectum choisir
0%
commode convenablement, bien
0%
in (+ abl.) Dans sans changement de lieu
0%
uitium, ii n. défaut
0%
maritimus, a, um de la mer
0%
enim (2e position) en effet, car
0%
nam (1e position) en effet, car
0%
praeterea en outre
0%
cingo, is, ere, cinxi, cinctum entourer
0%
inter (+acc) entre, parmi, au milieu de
0%
Esquilinus (mons) Esquilin (mont)
0%
munitus, a, um fortifié
0%
munio, is, ire, iui, itum fortifier
0%
sollertia, ae f. Habileté
0%
arduus, a, um haut, escarpé, difficile
0%
homo, inis m. Homme (Humain)
0%
uir, uiri, m. Homme (sexe masculin)
0%
tres annos regnauit il régna (pendant) trois ans
0%
intactus, a, um intact, inviolé
0%
iungo, is, ere, iunxi, iunctum joindre, unir
0%
urbs Roma la viie de Rome
0%
altissima arborum ; altissima ex arboribus le plus haut des arbres
0%
locus, i m. Lieu, emplacement, place
0%
incommodus, a, um mal approprié, désagrable
0%
natiuus, a, um naturel
0%
multus, a, um nombreux, abondant
0%
plenus, a, um plein (de)
0%
habeo, es, ere, bui, bitum posséder, détenir, (avoir)
0%
praeditus, a, um (+abl) pourvu (de)
0%
praebeo, es, ere, bui, bitum présenter, fournir
0%
permaneo, es, ere, mansi, mansum rester (1)
0%
maneo, es, ere, mansi, mansum rester (2)
0%
sapientia, ae f. sagesse, prudence
0%
situs, a, um situé
0%
tranquillus, a, um tranquille, paisible
0%
puer egregiae indolis ; puer egregia indole un enfant d'un naturel remarquable
0%
ardor gaudiumque maximus un enthousiasme et une joie très grands
0%
unus, a, un un seul
0%
uastus, a, um vaste, large, démesuré
0%
uia, ae f. voie, via
0%
Aucun quiz correspondant
Distribution des résultats
% des personnes avec chaque résultat
Percentile par nombre de réponses
Votre historique - résultats
Vous n’avez pas pris ce quiz